|
|
|
|
| LEADER |
00000naa2a2200000 4500 |
| 001 |
403880 |
| 005 |
20231101070006.0 |
| 035 |
|
|
|a (RuTPU)RU\TPU\prd\50714
|
| 090 |
|
|
|a 403880
|
| 100 |
|
|
|a 20070508a2006 k y0rusy50 ca
|
| 101 |
0 |
|
|a rus
|
| 102 |
|
|
|a RU
|
| 200 |
1 |
|
|a Об устойчивости участка трубопровода с протекающей жидкостью
|f Ю. А. Окопный, В. П. Радин, А. В. Щугорев
|
| 225 |
1 |
|
|a Конструирование, расчеты
|
| 320 |
|
|
|a Библиогр.: 5 назв.
|
| 461 |
|
0 |
|0 (RuTPU)RU\TPU\prd\1723
|x 0203-347X
|t Справочник. Инженерный журнал
|o научно-технический и производственный журнал
|d 2000-
|
| 463 |
|
0 |
|0 (RuTPU)RU\TPU\prd\50401
|t № 10
|v С. 15-22
|d 2006
|
| 610 |
1 |
|
|a трубопроводы
|
| 610 |
1 |
|
|a устойчивость
|
| 610 |
1 |
|
|a протекание
|
| 610 |
1 |
|
|a жидкости
|
| 610 |
1 |
|
|a стержни
|
| 610 |
1 |
|
|a собственные колебания
|
| 610 |
1 |
|
|a параметры
|
| 610 |
1 |
|
|a дивергенция
|
| 610 |
1 |
|
|a флаттер
|
| 675 |
|
|
|a 533.6.013.42
|v 3
|
| 700 |
|
1 |
|a Окопный
|b Ю. А.
|
| 701 |
|
1 |
|a Радин
|b В. П.
|
| 701 |
|
1 |
|a Щугорев
|b А. В.
|
| 801 |
|
1 |
|a RU
|b 63413507
|c 20070508
|g PSBO
|
| 801 |
|
2 |
|a RU
|b 63413507
|c 20140117
|g RCR
|
| 942 |
|
|
|c BK
|